Statistics for Biggest European Cities Not on the Ocean

Click here to take the quiz!

General Stats

  • This quiz has been taken 58 times
  • The average score is 18 of 22

Answer Stats

Pop City % Correct
17.1 mMoscow
100%
11.3 mParis
100%
14.5 mLondon
98%
6.2 mMadrid
98%
4.5 mBerlin
96%
2.2 mMunich
94%
5.1 mMilan
91%
2.2 mVienna
89%
2.6 mBudapest
89%
2.3 mWarsaw
87%
4.9 mCologne / Düsseldorf
85%
3.4 mKiev
83%
2.2 mBucharest
83%
3.2 mFrankfurt am Main
81%
3.0 mManchester
77%
3.1 mBirmingham
74%
2.0 mBrussels
68%
2.0 mMinsk
68%
2.0 mLyon
66%
2.3 mStuttgart
57%
2.1 mLeeds
49%
2.4 mAmsterdam
38%

Score Distribution

Percentile by Number Answered

Percent of People with Each Score

Your Score History

You have not taken this quiz